ゲームソフト売上ランキング -2025- - Statistics

General Stats
  • This quiz has been taken 72 times
  • The average score is 11 of 50
Answer Stats
順位 タイトル % Correct
1 マリオカート ワールド
82%
2 Pokemon LEGENDS Z-A
77%
3 Pokemon LEGENDS Z-A
77%
9 Minecraft
61%
8 マリオカート8 デラックス
53%
7 カービィのエアライダー
50%
21 ポケットモンスター スカーレット・バイオレット
48%
4 モンスターハンターワイルズ
42%
30 スプラトゥーン3
42%
12 あつまれ どうぶつの森
40%
43 スーパーマリオブラザーズ ワンダー
39%
6 ドンキーコング バナンザ
37%
17 大乱闘スマッシュブラザーズ SPECIAL
37%
47 ゼルダの伝説 ブレス オブ ザ ワイルド
35%
10 ドラゴンクエストI&II
32%
23 ドラゴンクエストI&II
32%
25 ドラゴンクエストI&II
32%
5 スーパー マリオパーティ ジャンボリー
29%
27 マリオパーティ ジャンボリー Switch2 Ed.
29%
14 桃太郎電鉄2 ~あなたの町も きっとある~ 東日本編+西日本編
26%
18 桃太郎電鉄2 ~あなたの町も きっとある~ 東日本編+西日本編
26%
35 ドラゴンクエストIII そして伝説へ…
26%
44 太鼓の達人 ドンダフルフェスティバル
21%
39 星のカービィ ディスカバリー
19%
36 世界のアソビ大全51
15%
41 ELDEN RING NIGHTREIGN
15%
19 Nintendo Switch Sports
13%
22 ゼルダ無双 封印戦記
11%
42 リングフィット アドベンチャー
11%
11 ドンキーコング リターンズ HD
11%
49 ぷよぷよテトリス2 スペシャルプライス
8%
13 たまごっちのプチプチおみせっち おまちど~さま!
6%
33 たまごっちのプチプチおみせっちおまちど~さま!Switch2 Ed.
6%
15 Ghost of Yotei
6%
37 SILENT HILL f
6%
20 ファンタジーライフi 竜と時をぬすむ少女
5%
16 鬼滅の刃 ヒノカミ血風譚2
3%
32 龍が如く8 外伝 Pirates in Hawaii
3%
50 龍が如く8 外伝 Pirates in Hawaii
3%
31 牧場物語 風のグランドバザール
2%
38 龍の国 ルーンファクトリー
2%
48 ファイナルファンタジータクティクス- イヴァリース クロニクルズ デラックスエディション
2%
26 ゼノブレイドクロス ディフィニティブエディション
0%
45 遊戯王 アーリーデイズコレクション
0%
24 スーパーマリオギャラクシー 1+2
0%
29 DEATH STRANDING 2
0%
46 幻想水滸伝I&II HDリマスター
0%
34 METAL GEAR SOLID Δ: SNAKE EATER
0%
28 真・三國無双 ORIGINS
0%
40 スーパーロボット大戦Y
0%
No matching quizzes found
Score Distribution
Percent of People with Each Score
Percentile by Number Answered
Your Score History
You have not taken this quiz